[Event "It (open)"]
[Site "masterchessopen.com – Bogota (Colombia)"]
[Round "7"]
[White "Orozco Lina (COL)"]
[Black "Hernandez Maria Paula (COL)"]
[Result "1-0"]
[WhiteElo "2157"]
[BlackElo "1952"]

1.e4 c5 2.Nf3 d6 3.d4 cxd4 4.Nxd4 Nf6 5.Nc3 a6 6.g3 e5 7.Nde2 Be7 8.Bg2 Nbd7
9.a4 b6 10.h3 Bb7 11.g4 h6 12.O-O O-O 13.Ng3 Rc8 14.Re1 Nc5 15.Nf5 Qd7 16.g5
hxg5 17.Bxg5 Rfd8 18.Qf3 Ne6 19.Qg3 Nxg5 20.Qxg5 Bf8 21.Rad1 Qe6 22.Rd3 Nh7
23.Qg4 Qf6 24.Red1 g6 25.h4 d5 26.Rf3 Qe6 27.exd5 Bxd5 {#r} 1-0